00311nam a22001097a 4500020001800000082001400018100004300032245004400075250000700119260004600126300002900172 a9780521540841 222a428.1 aMcCarthy, Michael and O'Dell Felicity. aEnglish vocabulary in use :badvanced / aNA aNew Delhi,bCombridge University,cc2008. a315 p. ;bill. ;c24 cm.